Northern Countries Quiz Stats

Quiz Updated Jul 13, 2016

Challenge
Share
Tweet
Embed
Score 0/30 Timer 05:00
1 Play Today
Rank Country % Correct
3Russia
99.4%
2Canada
99.2%
1Denmark (Greenland)
98.6%
7Sweden
97.9%
5United States of America
97.5%
4Norway
97.4%
9United Kingdom
96.7%
6Finland
96.5%
16Germany
95.2%
8Iceland
93.8%
23France
92.5%
17Poland
91.2%
19Netherlands
88.2%
11Latvia
87.2%
22Belgium
86.7%
Rank Country % Correct
14Ireland
86.2%
18China
86.1%
10Estonia
85.8%
12Lithuania
85.4%
21Mongolia
82.9%
20Ukraine
82.7%
27Austria
80.3%
24Czechia
78.6%
13Belarus
77.4%
25Luxembourg
75.8%
28Hungary
73.2%
26Slovakia
72.7%
30Romania
66.3%
15Kazakhstan
64.2%
29Moldova
53%

You're not logged in!

Compare scores with friends on all Sporcle quizzes.
Sign Up with Email
OR
Log In

You Might Also Like...

Show Comments

Extras

Top Quizzes Today


Score Distribution

Your Account Isn't Verified!

In order to create a playlist on Sporcle, you need to verify the email address you used during registration. Go to your Sporcle Settings to finish the process.